Normal view
MARC view
- Military art and science
Entry Topical Term
001 - CONTROL NUMBER
- control field: 7235
003 - CONTROL NUMBER IDENTIFIER
- control field: NUST
005 - DATE AND TIME OF LATEST TRANSACTION
- control field: 20171213163845.0
008 - FIXED-LENGTH DATA ELEMENTS
- fixed length control field: 171213|| aca||aabn | a|a d
040 ## - CATALOGING SOURCE
- Original cataloging agency: NUST
- Transcribing agency: NUST
150 ## - HEADING--TOPICAL TERM
- Topical term or geographic name entry element: Military art and science
- Form subdivision: Early works to 1800.
670 ## - SOURCE DATA FOUND
- Source citation: Work cat.: (NUST)0: Sunzi, active 6th century B.C. 7234, The art of war =, 1994.
